Vol. 1938 : Isotopes: Technologies, Materials and Application (ITMA-2017): IV International Conference for Young Scientists, Post-Graduate Students and Students, 30 October–3 November 2017, Tomsk, Russia; [proceedings]; AIP Conference Proceedings

Bibliografiske detaljer
Parent link:AIP Conference Proceedings. Vol. 1938 : Isotopes: Technologies, Materials and Application (ITMA-2017)
Corporate Authors: National Research Tomsk Polytechnic University (TPU), Isotopes: Technologies, Materials and Application (ITMA-2017)
Andre forfattere: Hongda L. Li (редактор), Godymchuk (Godimchuk) A. Yu. Anna Yuryevna, Rieznichenko L. Liudmyla
Summary:Title screen
Режим доступа: по договору с организацией-держателем ресурса
Sprog:engelsk
Udgivet: 2018
Fag:
Online adgang:https://aip.scitation.org/toc/apc/1938/1?expanded=1938
Format: MixedMaterials Electronisk Bog
KOHA link:https://koha.lib.tpu.ru/cgi-bin/koha/opac-detail.pl?biblionumber=657942

MARC

LEADER 00000nlm2a2200000 4500
001 657942
005 20250205063152.0
035 |a (RuTPU)RU\TPU\network\24872 
090 |a 657942 
100 |a 20180417a2018 k y0engy50 ba 
101 0 |a eng 
105 |a a z 100zy 
135 |a drcn ---uucaa 
181 0 |a i  
182 0 |a b 
200 0 |a Vol. 1938 : Isotopes: Technologies, Materials and Application (ITMA-2017)  |e IV International Conference for Young Scientists, Post-Graduate Students and Students, 30 October–3 November 2017, Tomsk, Russia  |e [proceedings]  |f National Research Tomsk Polytechnic University (TPU) ; eds. L. Hongda, A. Yu. Godymchuk (Godimchuk), L. Rieznichenko 
203 |a Text  |c electronic 
210 |d 2018 
300 |a Title screen 
333 |a Режим доступа: по договору с организацией-держателем ресурса 
461 1 |0 (RuTPU)RU\TPU\network\4816  |t AIP Conference Proceedings  |v Vol. 1938 : Isotopes: Technologies, Materials and Application (ITMA-2017) 
606 1 |a Изотопы  |x Химическая технология  |2 stltpush  |3 (RuTPU)RU\TPU\subj\30826  |9 53860 
610 1 |a конференции 
610 1 |a труды учёных ТПУ 
610 1 |a электронный ресурс 
610 1 |a материалы 
610 1 |a применение 
675 |a 66(063)  |v 3 
702 1 |a Hongda  |b L.  |g Li  |4 340 
702 1 |a Godymchuk (Godimchuk)  |b A. Yu.  |c specialist in the field of nanotechnologies and nanomaterials  |c Associate Professor of Tomsk Polytechnic University, candidate of technical science  |f 1978-  |g Anna Yuryevna  |x TPU  |y Tomsk  |3 (RuTPU)RU\TPU\pers\29602  |4 340  |9 14137 
702 1 |a Rieznichenko  |b L.  |g Liudmyla  |4 340 
712 0 2 |a National Research Tomsk Polytechnic University (TPU)  |3 (RuTPU)RU\TPU\col\18773 
712 1 2 |a Isotopes: Technologies, Materials and Application (ITMA-2017)  |c Conference  |d 4  |e Tomsk  |f 2017 
801 2 |a RU  |b 63413507  |c 20181218  |g RCR 
856 4 |u https://aip.scitation.org/toc/apc/1938/1?expanded=1938 
942 |c CF